00959nam a2200205 a 450000100100000000500170001000800410002702000130006804000250008108200150010624500240012126000790014530000380022404900090026295201190027195201140039095201130050495201190061799900170073600003014520200930060100.0110503s2002 dr a 000 0 spa d z15605728 aDO-SdBNPbspacBNPHU axxxbM533a01aMemoria anual 2001. aSanto Domingo :bCentro para el Desarrollo Agropecuario y Forestal,c2002. a54 p. :bil., retrs. ;civ, 54 p. aBNPD 0010718DSaGRbGRcCTd2011-05-05iLF1l0oxxx M533ap30145-30r2020-06-25te. 3w2020-06-25yLFDSZNo se presta 0010718PDaGRbGRcCTd2011-06-08iLF1l0oExtraviadop30145-40r2020-06-25w2020-06-25yLFPDZNo se presta 0010718PDaPDbPDcCTd2011-05-03iLF1l0oxxx M533ap30145-10r2020-06-25w2020-06-25yLFPDZNo se presta 0010718PDaPDbPDcCTd2011-05-05iLF1l0oxxx M533ap30145-20r2020-06-25te. 2w2020-06-25yLFPDZNo se presta c29637d29637